000
00485nam a2200133Ia 4500
008
100328s9999 xx 000 0 und d
082
_b
59311
100
_a
देशपांडे चं.प्र.
245
_a
ॅऑफीस (संमिश्र एकांकिका).
260
_b
आभा.
630
_a
ॅऑफीस (संमिश्र एकांकिका).
730
_a
ॅऑफीस (संमिश्र एकांकिका).
942
_c
BOOK
999
_c
545551
_d
545548